| 000 | 00585nam a2200205Ia 4500 | ||
|---|---|---|---|
| 003 | GCL | ||
| 008 | 140319s9999 xx 000 0 eng d | ||
| 040 |
_aGCL / _cGCL |
||
| 082 | 0 | 4 |
_a791.403 _bB I |
| 100 | 1 | _aBOGNAR, DESIK | |
| 245 | 1 | 0 |
_aINTERNATIONAL DICTIONARY OF BROADCASTING AND FILM / _cBOGNAR, DESIK |
| 260 |
_a[S.N] : _bFOCAL PRESS ، _c1995 |
||
| 300 | _a268 P | ||
| 650 | 0 | 4 | _aMOTION PICTURES - DICTIONARY |
| 650 | 0 | 4 | _aART |
| 650 | 0 | 4 | _aBROADCASTING - DICTIONARY |
| 650 | 0 | 4 | _aVEDIO RECORDING - DICTIONARY |
| 650 | 0 | 4 | _aCINEMATOGRAPHY - DICTIONARY |
| 942 |
_2ddc _cBK |
||
| 999 |
_c13429 _d13429 |
||